|
|
|
|
| LEADER |
00815cam a2200217 7i4500 |
| 001 |
0000124133 |
| 005 |
20160313090000.0 |
| 008 |
150906s2013 -uk eng |
| 020 |
# |
0 |
|a 9781781905371 vol.30
|
| 020 |
# |
0 |
|a 1781905371
|
| 090 |
0 |
0 |
|a HT 608
|b .C5 2013
|
| 245 |
0 |
0 |
|a Class and stratification analysis
|c edited by Gunn Elisabeth Birkelund.
|
| 260 |
# |
# |
|a United Kingdom:
|b Emerald,
|c 2015.
|
| 300 |
# |
# |
|a xx, 379 pages:
|b illustrations;
|c 24 cm..
|
| 490 |
0 |
0 |
|a Comparative social researc,,
|x 0195-6310;
|v v. 30
|
| 504 |
0 |
0 |
|a Includes bibliographical references
|
| 590 |
# |
# |
|a Pusat Pengajian Pembangunan Sosial Dan Ekonomi
|
| 650 |
0 |
0 |
|a Social stratification --
|x Research
|
| 650 |
0 |
0 |
|a Social classes --
|x Research
|
| 700 |
1 |
1 |
|a Birkelund, Gunn Elisabeth
|
| 999 |
|
|
|a 1100095540
|b Book
|c Open Shelf
|e KOLEKSI TERBUKA
|